000 00504nam a2200169Ia 4500
005 20250508155032.0
008 008 250505s9999 xx 000 0 eng d
037 _aTextual
040 _aFEDL
_beng
_cFEDL
041 _aeng
_2eng
084 _a370.1506, NCE
_qFEDL
245 0 _aReport of the seminar on educational psychology for senior lecturers in teacher training institutions
260 _c1960
300 _a58p.
942 _cTEXL
_h370.1506, NCE
999 _c1353569
_d1353569